LEADER 01052nam a2200265 u 4500 001 000000014407 003 CaOOAMICUS 005 20070226105749.0 008 940517s1966 it u000 u ita u 035 $a10340296 040 $aPUL$bita 100 1 $aAccame, Silvio,$d1910-1997.$0(OLS)http://pul/name/4236 245 13$aLa formazione della civiltà mediterranea. 260 $aBrescia :$bLa Scuola,$c1966. 300 $a467 p. ;$c20 cm 490 1 $aAnalisi e sintesi ;$v10 504 $aBibliografia: p. [427]-467. 651 4$aMediterraneo$xCiviltà.$0(OLS)http://pul/subject/10120 830 0$aAnalisi e sintesi ;$v10.$0(OLS)http://pul/title/10500 850 $aPUL 852 $aPUL$W1$xDP1 Fondo Maccarrone$y58$m1506 G 2$j20225$nBK-PRI$b $qFondi$B20225$CPULBib$Z2$F20225 $H $81 941 1 $a1 961 $aINV: 01933 -- Fondo Mons. M. Maccarrone 996 $6245$aLa formazione della civiltà mediterranea$9(OLS)http://pul/title/20709 996 $6260$aBrescia :$bLa Scuola$9(OLS)http://pul/publisher/48404 LEADER 01242nam a2200277 a 4500 001 000000122556 003 CaOOAMICUS 005 20100721121323.0 008 100721t2009 it u000 u ita r 020 $a978-88-263-1748-9 040 $aPUL$bita$dReb 245 00$aPreghiera nei Padri dei primi secoli /$channo collaborato: Maria Grazia Bianco [et al.]. 260 $aRoma :$bBorla,$c©2009. 300 $a285 p. ;$c20 cm. 490 1 $aDizionario di spiritualità biblico-patristica ;$v0052 504 $aInclude riferimenti bibliografici. 650 4$aPadri della Chiesa$xPreghiere.$0(OLS)http://pul/subject/37113 650 4$aPreghiere.$0(OLS)http://pul/subject/7929 700 1 $aBianco, Maria Grazia.$0(OLS)http://pul/name/63006 830 0$aDizionario di spiritualità biblico-patristica ;$v0052.$0(OLS)http://pul/title/65660 850 $aPUL 852 $aPUL$W1$xSL Cons. Gen., Altre Classi 1$y1$m2016 E 52$j140759$qStampati$B139847$CPULBib$Z2$F139847 $H114462 $82 941 1 $a8 996 $6020$a978-88-263-1748-9$9(OLS)http://pul/number/144958 996 $6245$aPreghiera nei Padri dei primi secoli$9(OLS)http://pul/title/154433 996 $6260$aRoma :$bBorla$9(OLS)http://pul/publisher/48061